| 000 | 00517 a2200193 4500 | ||
|---|---|---|---|
| 999 |
_c11964 _d11964 |
||
| 003 | OSt | ||
| 005 | 20231116175213.0 | ||
| 008 | 231116b ||||| |||| 00| 0 eng d | ||
| 020 | _a9789953591520 | ||
| 040 | _aBMSCA | ||
| 041 | _aeng | ||
| 082 |
_a720.9 _bFAd |
||
| 100 | _aMoukanzah, Fadi Jamil El | ||
| 245 | _aLeaders Of International Architects Vol. 4 (Price Printed) | ||
| 260 |
_bUniversal, _aSaudi Arabia: |
||
| 300 |
_aXII,380p.: _c23cm. |
||
| 650 | _2Leaders Of International Architects | ||
| 942 | _2ddc | ||